AH International Schools' Libraries

Tey tey and the soap (KHMER) / (Record no. 48857)

MARC details
000 -LEADER
fixed length control field 00299nam a2200109 4500
100 ## - MAIN ENTRY--PERSONAL NAME
Personal name Kol, Seap
9 (RLIN) 86234
245 ## - TITLE STATEMENT
Title Tey tey and the soap (KHMER) /
Statement of responsibility, etc Kol Seap
260 ## - PUBLICATION, DISTRIBUTION, ETC. (IMPRINT)
Place of publication, distribution, etc Cambodia
Name of publisher, distributor, etc S.J. Metta Karuna
Date of publication, distribution, etc 2022
300 ## - PHYSICAL DESCRIPTION
Extent 30 p.
Other physical details col. ill.
Dimensions 22 cm.
650 ## - SUBJECT ADDED ENTRY--TOPICAL TERM
Topical term or geographic name as entry element Khmer Fiction
9 (RLIN) 80279
942 ## - ADDED ENTRY ELEMENTS (KOHA)
Source of classification or shelving scheme
Koha item type Book
Holdings
Withdrawn status Lost status Source of classification or shelving scheme Damaged status Not for loan Collection code Home library Current library Date acquired Total Checkouts Full call number Barcode Date last seen Date checked out Price effective from Koha item type
          Siem Riep Asian Hope Primary Library Asian Hope Primary Library 04/23/2025 8 KHMER E KOL 207852 03/26/2026 03/12/2026 04/23/2025 Book

For any Logos Library related questions please contact Miss Art at swongnarasuk@asianhope.org.

For any Asian Hope Library related questions please contact Miss Raza at graza@asianhope.org.

Powered by Koha